A reveiw of Hyderabad finance (Record no. 409745)

000 -LEADER
fixed length control field 00367cam a22001337a 4500
008 - FIXED-LENGTH DATA ELEMENTS--GENERAL INFORMATION
fixed length control field 180718b1951 xxu||||| |||| 00| 0 eng d
082 ## - DEWEY DECIMAL CLASSIFICATION NUMBER
Classification number Lsx5451 H996
100 ## - MAIN ENTRY--PERSONAL NAME
Personal name Rao,C.V.S.
245 ## - TITLE STATEMENT
Title A reveiw of Hyderabad finance
Statement of responsibility, etc. By C.V. S. Rao
260 ## - PUBLICATION, DISTRIBUTION, ETC.
Place of publication, distribution, etc. Hyderabad
Name of publisher, distributor, etc. Government
Date of publication, distribution, etc. 1951
300 ## - PHYSICAL DESCRIPTION
Extent 375p
650 ## - SUBJECT ADDED ENTRY--TOPICAL TERM
Topical term or geographic name entry element Public - India - Hyderabad (State)
650 ## - SUBJECT ADDED ENTRY--TOPICAL TERM
Topical term or geographic name entry element Finance
Holdings
Withdrawn status Lost status Damaged status Not for loan Permanent Location Current Location Date acquired Full call number Barcode Date last seen Price effective from Koha item type
        Indian Institute of Public Administration Indian Institute of Public Administration 2009-01-09 Lsx5451 H996 D761 2018-07-21 2018-07-21 D

Powered by Koha